| 000 | 00956nam a2200265Ia 4500 | ||
|---|---|---|---|
| 008 | 130821s1943 mx gr spa | ||
| 040 |
_aCo-BoUCM _bspa |
||
| 041 | 0 | 0 | _aspa |
| 100 | 1 |
_aDopsch, Alfons _9142203 |
|
| 245 | 1 | 0 |
_aEconomía natural y economía monetaria _cAlfons Dopsch ; versión española de José Rovira |
| 260 |
_aMéxico D.F. (México) _bFondo de Cultura Economica _c1943 |
||
| 300 | _a323 páginas | ||
| 490 | 0 |
_aSeccion de Obras de Economía. _vIII _aGrandes Estudios |
|
| 500 | _aDonación Dr. Álvaro Daza Roa. | ||
| 500 | _aIncluye índice. | ||
| 650 | 0 | 4 |
_aEconomía _9174 |
| 650 | 0 | 4 |
_aEconomía _xHistoria _933748 |
| 650 | 0 | 4 |
_aFinanzas _97628 |
| 650 | 0 | 4 |
_aTeoría económica _xHistoria _955935 |
| 650 | 0 | 4 |
_aTeoría monetaria _xHistoria _98147 |
| 700 | 1 |
_aRovira, José _etrad. _9142204 |
|
| 710 | 2 |
_aFondo de Cultura Economica _953965 |
|
| 942 |
_cLIBRO _a7 _e1 _mD692e _2DEWEY _h332.4 |
||
| 999 |
_c71795 _d71795 |
||